[Event "LAT President's blitz Cup"]
[Site "Riga"]
[Date "2019.01.26"]
[Round "1"]
[White "Malnieks, Karlis"]
[Black "Meskovs, Nikita"]
[Result "0-1"]
[WhiteElo "1754"]
[BlackElo "2557"]
[PlyCount "66"]
[EventDate "2019.01.26"]
[EventType "swiss (blitz)"]
[EventRounds "13"]
[EventCountry "LAT"]
[SourceTitle "CBM 188 Extra"]
[Source "ChessBase"]
[SourceDate "2019.02.26"]
[SourceVersion "1"]
[SourceVersionDate "2019.02.26"]
[SourceQuality "1"]

1. d4 Nf6 2. Nf3 g6 3. c4 Bg7 4. Nc3 c5 5. g3 cxd4 6. Nxd4 0-0 7. Bg2 Nc6 8. 0-0 d6 9. Nxc6 bxc6 10. Qc2 Be6 11. b3 Rc8 12. Bb2 d5 13. Rad1 Qa5 14. cxd5 cxd5 15. Qd2 Rfd8 16. Na4 Qxd2 17. Rxd2 Bh6 18. e3 Ne4 19. Bxe4 dxe4 20. Rfd1 Rxd2 21. Rxd2 Bg4 22. Nc3 f5 23. Nd5 Kf7 24. Nf4 Bf3 25. Ne2 Bf8 26. Nd4 Bg4 27. Kg2 e5 28. h3 exd4 29. hxg4 d3 30. gxf5 gxf5 31. Bd4 Rc1 32. Bxa7 Bb4 33. Rb2 Bc3 0-1